The science of a new life / (Record no. 21559)

MARC details
000 -LEADER
fixed length control field 00740cam a2200241u 4500
001 - CONTROL NUMBER
control field 9218906
003 - CONTROL NUMBER IDENTIFIER
control field BDDh-ASL
005 - DATE AND TIME OF LATEST TRANSACTION
control field 20231015030015.0
008 - FIXED-LENGTH DATA ELEMENTS--GENERAL INFORMATION
fixed length control field 830616s18971869nyua a 000 0 eng
010 ## - LIBRARY OF CONGRESS CONTROL NUMBER
LC control number 31018860
040 ## - CATALOGING SOURCE
Original cataloging agency DLC
Transcribing agency CarP
Modifying agency DLC
-- BDDh-ASL
050 10 - LIBRARY OF CONGRESS CALL NUMBER
Classification number HQ31
Item number .C87 1869a
050 00 - LIBRARY OF CONGRESS CALL NUMBER
Classification number Microfilm 16643 HQ
082 ## - DEWEY DECIMAL CLASSIFICATION NUMBER
Classification number 323.6
Item number COS
100 1# - MAIN ENTRY--PERSONAL NAME
Personal name Cowan, John. [from old catalog]
245 14 - TITLE STATEMENT
Title The science of a new life /
260 ## - PUBLICATION, DISTRIBUTION, ETC.
Place of publication, distribution, etc. New York:
Name of publisher, distributor, etc. J. S. Ogilvie,
Date of publication, distribution, etc. [c1897]
300 ## - PHYSICAL DESCRIPTION
Extent 11, [1] p., 2 l., 9-405 p.
Other physical details front., illus.
Dimensions 23 cm.
583 ## - ACTION NOTE
Action Replace;
Public note LC copy replaced by preservation microfilm
Institution to which field applies DLC
650 #0 - SUBJECT ADDED ENTRY--TOPICAL TERM
Topical term or geographic name entry element Sexual ethics.
906 ## - LOCAL DATA ELEMENT F, LDF (RLIN)
a 0
b cbc
c premunv
d u
e ncip
f 19
g y-gencatlg
942 ## - ADDED ENTRY ELEMENTS (KOHA)
Source of classification or shelving scheme Dewey Decimal Classification
Koha item type Books
Holdings
Withdrawn status Lost status Source of classification or shelving scheme Damaged status Not for loan Collection code Home library Current library Shelving location Date acquired Source of acquisition Total Checkouts Full call number Barcode Date last seen Copy number Price effective from Koha item type Public note
    Dewey Decimal Classification   Not For Loan Non-fiction Asiatic Society Library Asiatic Society Library General Stacks 02/06/2021 ASB Collection   323.6 COS 105303 02/06/2021 C-1 02/06/2021 Books RARE

Powered by Koha